US States Where a Nuclear Weapon Has Exploded - Statistics

General Stats
  • This quiz has been taken 57 times
  • The average score is 4 of 5
Answer Stats
State % Correct
Nevada
98%
New Mexico
96%
Alaska
89%
Colorado
89%
Mississippi
46%
No matching quizzes found
Score Distribution
Percent of People with Each Score
Percentile by Number Answered
Your Score History
You have not taken this quiz